书目信息 |
| 题名: |
分层线性模型
|
|
| 作者: | 劳登布什 , 布里克 著 ;郭志刚 译 | |
| 分册: | ||
| 出版信息: | 北京 社会科学文献出版社 2016.09 |
|
| 页数: | 11,463页 | |
| 开本: | 24cm | |
| 丛书名: | 社会学教材教参方法系列 | |
| 单 册: | ||
| 中图分类: | C32 | |
| 科图分类: | ||
| 主题词: | 分层模型--线性模型--应用--社会科学--统计分析 | |
| 电子资源: | ||
| ISBN: | 978-7-5097-9219-3 | |
| 000 | 01686oam2 2200337 450 | |
| 001 | 0120162022215 | |
| 005 | 20180917163735.89 | |
| 010 | @a978-7-5097-9219-3@dCNY79.00 | |
| 100 | @a20161008d2016 em y0chiy50 ea | |
| 101 | 1 | @achi@ceng |
| 102 | @aCN@b110000 | |
| 105 | @aak z 001yy | |
| 106 | @ar | |
| 200 | 1 | @a分层线性模型@9fen ceng xian xing mo xing@e应用与数据分析方法@dHierarchical linear models@eapplications and data analysis methods@f(美)斯蒂芬·W.劳登布什(Stephen W.Raudenbush),(美)安东尼·S.布里克(Anthony S.Bryk)著@g郭志刚等译@zeng |
| 205 | @a2版 | |
| 210 | @a北京@c社会科学文献出版社@d2016.09 | |
| 215 | @a11,463页@c图@d24cm | |
| 225 | 2 | @a社会学教材教参方法系列 |
| 300 | @a本书根据2002年版译出,由Sage Publications, Inc. 于美国印刷并授权社会科学文献出版社印行中文版 | |
| 330 | @a分层线性模型是1990年代在国际统计学界迅速推广并得到广泛应用的新的统计分析技术,本书是这一分析方法的代表作。本书提供的技术细节适合大多数社会科学和行为科学研究人员的需要,包括足够多的实际操作建议和研究示范,并与HLM软件结合,是多层分析者的手册和用户指南。 | |
| 333 | @a社会学、人口学等学科从事定量研究的学者、研究人员,大专院校相关专业师生 | |
| 461 | 0 | @12001 @a社会学教材教参方法系列 |
| 510 | 1 | @aHierarchical linear models@eapplications and data analysis methods@zeng |
| 517 | 1 | @a应用与数据分析方法@9ying yong yu shu ju fen xi fang fa |
| 606 | 0 | @a分层模型@x线性模型@x应用@x社会科学@x统计分析 |
| 690 | @aC32@v5 | |
| 701 | 0 | @c(美)@a劳登布什@9lao deng bu shen@c(W.Raudenbush, Stephen)@4著 |
| 701 | 0 | @c(美)@a布里克@9bu li ke@c(S.Bryk, Anthony)@4著 |
| 702 | 0 | @a郭志刚@9guo zhi gang@4译 |
| 801 | 0 | @aCN@b人天书店@c20161008 |
| 905 | @b1094905-09@dC32@e379=2@f5 | |
| 分层线性模型:应用与数据分析方法=Hierarchical linear models:applications and data analysis methods/(美)斯蒂芬·W.劳登布什(Stephen W.Raudenbush),(美)安东尼·S.布里克(Anthony S.Bryk)著/郭志刚等译.-2版.-北京:社会科学文献出版社,2016.09 |
| 11,463页:图;24cm.-(社会学教材教参方法系列) |
| 本书根据2002年版译出,由Sage Publications, Inc. 于美国印刷并授权社会科学文献出版社印行中文版.-使用对象:社会学、人口学等学科从事定量研究的学者、研究人员,大专院校相关专业师生 |
| ISBN 978-7-5097-9219-3:CNY79.00 |
| 分层线性模型是1990年代在国际统计学界迅速推广并得到广泛应用的新的统计分析技术,本书是这一分析方法的代表作。本书提供的技术细节适合大多数社会科学和行为科学研究人员的需要,包括足够多的实际操作建议和研究示范,并与HLM软件结合,是多层分析者的手册和用户指南。 |
| ● |
| 相关链接 |
|
|
|
|
正题名:分层线性模型
索取号:C32/379=2
 
预约/预借
| 序号 | 登录号 | 条形码 | 馆藏地/架位号 | 状态 | 备注 |
| 1 | 1094905 | 210949054 | 第一样本阅览室/ [索取号:C32/379=2] | 在馆 | |
| 2 | 1094906 | 210949063 | 教育系资料室/ [索取号:C32/379=2] | 在馆 | |
| 3 | 1094907 | 210949072 | 教育系资料室/ [索取号:C32/379=2] | 在馆 | |
| 4 | 1094908 | 210949081 | 第一借阅区/ [索取号:C32/379=2] | 在馆 | |
| 5 | 1094909 | 210949090 | 第一借阅区/ [索取号:C32/379=2] | 在馆 |